Statistiques concernant Expressions les plus courantes dans Astérix (BD)

Cliquez ici pour prendre le quiz!

Statistiques générales

  • Ce quiz a été pris 621 fois
  • Le résultat moyen est 2 sur 7

Statistiques - réponses

Récurrence de l'expression Expression % Correct
91Par Toutatis
89%
20Ils sont fous ces Romains
50%
30Par Belenos
48%
31Le ciel nous tombe sur la tête
23%
6Ils sont fous ces Gaulois
5%
22Obélix est tombé dedans
4%
18Mimine
1%

Distribution des résultats

Percentile by Number Answered

% des personnes avec chaque résultat

Votre développement - résultats

Vous n’avez pas pris ce quiz